000
00309nam a22001217a 4500
082
_a
425
_b
BRI/K
100
_a
BRIGHT,J.S
245
_a
PRACTICAL ENGLISH GRAMMAR & COMPOSITION
260
_a
NEW DELHI
_b
VEE KUMAR PUBLICATIONS
300
_a
288
650
_a
ENGLISH GRAMMAR & COMPOSITION
_z
NEW DELHI
942
_c
BK
999
_c
3858
_d
3858